[Event "LTU-ch sf"]
[Site "Kaunas"]
[Date "2024.03.09"]
[Round "5"]
[White "Juknis, Paulius"]
[Black "Greicius, Pijus"]
[Result "1-0"]
[WhiteElo "2196"]
[BlackElo "2107"]
[PlyCount "111"]
[EventDate "2024.03.06"]
[EventType "swiss"]
[EventRounds "8"]
[EventCountry "LTU"]
[SourceTitle "CB11_2024"]
[SourceDate "2024.03.13"]
[SourceVersion "1"]
[SourceVersionDate "2024.03.13"]
[SourceQuality "1"]

1. e4 e5 2. Nf3 Nc6 3. Nc3 Nf6 4. Bb5 Nd4 5. 0-0 c6 6. Bd3 Nxf3+ 7. Qxf3 d6 8. Be2 Be7 9. d3 Rg8 10. Qe3 g5 11. d4 Qb6 12. Rd1 Be6 13. a4 a5 14. d5 Qxe3 15. Bxe3 Bd7 16. Ra3 Kd8 17. Rb3 Kc8 18. Bc4 c5 19. Bb5 Bxb5 20. Rxb5 Ne8 21. Nb1 Nc7 22. Rb3 b5 23. axb5 a4 24. Rbd3 Nxb5 25. Na3 Nxa3 26. Rxa3 Kc7 27. Bd2 Ra7 28. Rda1 Rga8 29. b3 Kb7 30. Rxa4 Rxa4 31. Rxa4 Rg8 32. Kf1 h5 33. f3 Rc8 34. Ke2 Kb6 35. Be3 Bd8 36. Kd3 f6 37. Ra1 Kb7 38. h4 Be7 39. Rh1 Rh8 40. hxg5 fxg5 41. Bd2 h4 42. Ke2 Ra8 43. g3 Ra2 44. Kd3 Kc7 45. gxh4 gxh4 46. f4 exf4 47. Bxf4 Kd7 48. Rg1 Ra6 49. Bg5 Bxg5 50. Rxg5 Ra1 51. Rg7+ Ke8 52. Rh7 Rh1 53. Kc4 Kf8 54. e5 dxe5 55. d6 h3 56. Rh8+ 1-0

[Event "Taujenai-ch rapid"]
[Site "Taujenai"]
[Date "2023.10.28"]
[Round "1"]
[White "Zonyte, Aukse"]
[Black "Greicius, Pijus"]
[Result "0-1"]
[WhiteElo "1461"]
[BlackElo "2051"]
[PlyCount "68"]
[EventDate "2023.10.28"]
[EventType "swiss (rapid)"]
[EventRounds "10"]
[EventCountry "LTU"]
[SourceTitle "Mega2024 Update 01"]
[Source "Chessbase"]
[SourceDate "2023.11.12"]
[SourceVersion "1"]
[SourceVersionDate "2023.11.12"]
[SourceQuality "1"]

1. e4 e5 2. Nf3 Nc6 3. Bb5 g6 4. 0-0 Bg7 5. d3 Nge7 6. a3 0-0 7. Nc3 d6 8. h3 f5 9. Bg5 h6 10. Bxc6 bxc6 11. Bd2 f4 12. Kh2 g5 13. g3 g4 14. gxf4 gxf3 15. f5 Nxf5 16. exf5 Rxf5 17. Rg1 Kh7 18. Rg3 Qf8 19. Be3 d5 20. d4 e4 21. Qg1 Bd7 22. Na4 Re8 23. Nc5 Bc8 24. Rg6 Rh5 25. Rg3 Re7 26. Qc1 Qf5 27. Qf1 Bf6 28. Rd1 Bh4 29. Rg4 Bxf2 30. Qxf2 Rxh3+ 31. Kxh3 Qxg4+ 32. Kh2 Qh3+ 33. Kg1 Rg7+ 34. Qg2 Qxg2# 0-1

[Event "EU-ch U18 31st"]
[Site "Mamaia"]
[Date "2023.09.05"]
[Round "1"]
[White "Greicius, Pijus"]
[Black "Roebers, Eline"]
[Result "0-1"]
[WhiteElo "2141"]
[BlackElo "2421"]
[PlyCount "60"]
[EventDate "2023.09.05"]
[EventType "swiss"]
[EventRounds "9"]
[EventCountry "ROU"]
[SourceTitle "EXT 2024"]
[Source "ChessBase"]
[SourceDate "2023.10.10"]
[SourceVersion "1"]
[SourceVersionDate "2023.10.10"]
[SourceQuality "1"]

1. d4 Nf6 2. c4 g6 3. Nc3 Bg7 4. e4 d6 5. h3 0-0 6. Be3 c6 7. g4 a6 8. Nf3 b5 9. a3 Nbd7 10. Rc1 Bb7 11. Be2 Rc8 12. g5 Ne8 13. h4 e6 14. b4 bxc4 15. h5 Qc7 16. hxg6 fxg6 17. Bxc4 d5 18. Bb3 a5 19. Nd2 axb4 20. axb4 Nd6 21. Qg4 Rf7 22. Qh3 Nf8 23. f4 dxe4 24. Na4 Rd8 25. Nc5 Bc8 26. Qg2 Nf5 27. Rh3 Nxd4 28. Bxd4 Rxd4 29. Ndxe4 Rxf4 30. Ra1 Rdxe4+ 0-1

[Event "Plateliai Plunge op-A 42nd"]
[Site "Plateliai"]
[Date "2023.07.20"]
[Round "6"]
[White "Greicius, Pijus"]
[Black "Narmontas, Raimondas"]
[Result "1/2-1/2"]
[WhiteElo "2018"]
[BlackElo "1959"]
[PlyCount "71"]
[EventDate "2023.07.17"]
[EventType "swiss"]
[EventRounds "9"]
[EventCountry "LTU"]
[SourceTitle "CBM 215 Extra"]
[Source "ChessBase"]
[SourceDate "2023.09.30"]
[SourceVersion "1"]
[SourceVersionDate "2023.09.30"]
[SourceQuality "1"]

1. d4 d6 2. e4 Nf6 3. Nc3 c6 4. a4 Nbd7 5. Nf3 e5 6. Bc4 Be7 7. 0-0 0-0 8. Re1 Qc7 9. h3 h6 10. Ba2 Re8 11. Nh4 Nf8 12. Qd3 Nh5 13. Nf3 Ng6 14. Qc4 Bd8 15. Be3 Nhf4 16. Rad1 Qe7 17. Kh2 Qf6 18. Ng1 Bb6 19. g3 Ne6 20. Nce2 Ng5 21. Bxg5 hxg5 22. f3 Be6 23. d5 cxd5 24. exd5 Rac8 25. Qb5 Bf5 26. c3 Kh7 27. g4 Bc2 28. Rc1 e4 29. Rxc2 exf3 30. Rd1 f2 31. Rf1 Re3 32. Bb1 Qe5+ 33. Kh1 Qe4+ 34. Kh2 Qe5+ 35. Kh1 Qe4+ 36. Kh2 1/2-1/2

[Event "Plateliai Plunge op-A 42nd"]
[Site "Plateliai"]
[Date "2023.07.19"]
[Round "4"]
[White "Greicius, Pijus"]
[Black "Viskelis, Darius"]
[Result "1/2-1/2"]
[WhiteElo "2018"]
[BlackElo "2166"]
[PlyCount "69"]
[EventDate "2023.07.17"]
[EventType "swiss"]
[EventRounds "9"]
[EventCountry "LTU"]
[SourceTitle "CBM 215 Extra"]
[Source "ChessBase"]
[SourceDate "2023.09.30"]
[SourceVersion "1"]
[SourceVersionDate "2023.09.30"]
[SourceQuality "1"]

1. d4 d5 2. c4 e6 3. Nc3 c5 4. cxd5 exd5 5. Nf3 Nc6 6. dxc5 Bxc5 7. Nxd5 Nf6 8. Nxf6+ Qxf6 9. Qc2 Bb4+ 10. Bd2 0-0 11. e3 Bf5 12. Qb3 Be6 13. Bc4 Bxc4 14. Qxc4 Qxb2 15. Rd1 Rfd8 16. Qb3 Qxb3 17. axb3 Bxd2+ 18. Rxd2 f6 19. h4 Rxd2 20. Kxd2 Rd8+ 21. Kc3 Rc8 22. Kd2 Rd8+ 23. Kc3 Kf7 24. Nd4 Nxd4 25. exd4 Ke6 26. Re1+ Kd6 27. Kd3 h5 28. Rc1 b6 29. b4 a5 30. b5 Ke7 31. Rc6 Rd6 32. Rc7+ Rd7 33. Rc6 Rd6 34. Rc7+ Rd7 35. Rc6 1/2-1/2

[Event "Plateliai Plunge op-A 42nd"]
[Site "Plateliai"]
[Date "2023.07.17"]
[Round "1"]
[White "Griksaite, Leva"]
[Black "Greicius, Pijus"]
[Result "0-1"]
[WhiteElo "1459"]
[BlackElo "2018"]
[PlyCount "64"]
[EventDate "2023.07.17"]
[EventType "swiss"]
[EventRounds "9"]
[EventCountry "LTU"]
[SourceTitle "CBM 215 Extra"]
[Source "ChessBase"]
[SourceDate "2023.09.30"]
[SourceVersion "1"]
[SourceVersionDate "2023.09.30"]
[SourceQuality "1"]

1. e4 e5 2. Nc3 Nf6 3. g3 Bc5 4. Bg2 c6 5. Nge2 d5 6. exd5 cxd5 7. d4 exd4 8. Nxd4 0-0 9. 0-0 Bg4 10. Nf3 Nc6 11. Bf4 d4 12. Ne2 Qb6 13. Rb1 a5 14. a3 Rad8 15. Nc1 Bxa3 16. Nd3 Bc5 17. Bg5 Rd6 18. Re1 Nb4 19. Nxc5 Qxc5 20. Bxf6 gxf6 21. Rc1 Rfd8 22. Qd2 d3 23. cxd3 Qh5 24. Re3 Nxd3 25. Rc7 Ne5 26. Qc3 Rd3 27. Rxd3 Rxd3 28. Qc2 Bxf3 29. Bxf3 Nxf3+ 30. Kg2 Ne1+ 31. Kg1 Nxc2 32. Rxc2 Qd1+ 0-1

[Event "LTU-chT"]
[Site "Lithuania"]
[Date "2023.04.22"]
[Round "5.2"]
[White "Greicius, Pijus"]
[Black "Sakalauskas, Vaidas"]
[Result "0-1"]
[WhiteElo "2062"]
[BlackElo "2338"]
[PlyCount "74"]
[EventDate "2023.03.04"]
[EventType "team"]
[EventRounds "7"]
[EventCountry "LTU"]
[SourceTitle "EXT 2024"]
[Source "ChessBase"]
[SourceDate "2023.10.10"]
[SourceVersion "1"]
[SourceVersionDate "2023.10.10"]
[SourceQuality "1"]
[WhiteTeam "Kaunas Security"]
[BlackTeam "Vilnius MRU"]
[WhiteTeamCountry "LTU"]
[BlackTeamCountry "LTU"]

1. d4 e6 2. e4 d5 3. exd5 exd5 4. Nf3 Bg4 5. Qe2+ Qe7 6. Be3 Nc6 7. Nbd2 0-0-0 8. 0-0-0 Nf6 9. Qb5 Ne4 10. Bd3 Nb4 11. Qa5 Nxd3+ 12. cxd3 Nxd2 13. Rxd2 Bxf3 14. gxf3 Kb8 15. Bf4 Qd7 16. Re1 Bd6 17. Bg3 b6 18. Qc3 Rhe8 19. Rde2 Rxe2 20. Rxe2 Kb7 21. Kb1 f6 22. a3 g5 23. Qd2 Qf5 24. Qe3 h5 25. Rc2 h4 26. Bxd6 Rxd6 27. Qe7 Rc6 28. Rxc6 Kxc6 29. Qe8+ Kb7 30. Qe3 Qh3 31. b4 Qxh2 32. Qe6 Qd6 33. Qf5 a6 34. Kb2 Ka7 35. Kc3 Qf4 36. Qxd5 h3 37. b5 a5 0-1

[Event "LTU-ch sf"]
[Site "Vilnius"]
[Date "2023.04.14"]
[Round "6"]
[White "Greicius, Pijus"]
[Black "Nainys, Zanas1111"]
[Result "1-0"]
[WhiteElo "2078"]
[BlackElo "1711"]
[PlyCount "67"]
[EventDate "2023.04.11"]
[EventType "swiss"]
[EventRounds "9"]
[EventCountry "LTU"]
[SourceTitle "CBM 213 Extra"]
[Source "ChessBase"]
[SourceDate "2023.05.31"]
[SourceVersion "1"]
[SourceVersionDate "2023.05.31"]
[SourceQuality "1"]

1. d4 d5 2. c4 dxc4 3. e3 a6 4. Bxc4 Nf6 5. Nf3 e6 6. 0-0 c5 7. dxc5 Bxc5 8. Qxd8+ Kxd8 9. Ne5 Ke7 10. Be2 Nbd7 11. Nd3 Bd6 12. Nd2 b5 13. a4 Bb7 14. Nb3 Bd5 15. Nd4 bxa4 16. Rxa4 Nb6 17. Ra1 g6 18. Bd2 e5 19. Nc2 Rhc8 20. Rfc1 Nc4 21. Bc3 Ne4 22. Ncb4 Nxc3 23. Rxc3 Bb7 24. Rac1 Na5 25. Nd5+ Kd8 26. N3b4 Nb3 27. Rd1 Rxc3 28. Nxc3 Ke7 29. Nbd5+ Bxd5 30. Nxd5+ Ke6 31. Bc4 Rb8 32. Nb4+ Kf5 33. Nc6 Na5 34. Nxa5 1-0

[Event "LTU-ch sf"]
[Site "Vilnius"]
[Date "2023.04.12"]
[Round "2"]
[White "Greicius, Pijus"]
[Black "Vaiciunas, Giedrius"]
[Result "0-1"]
[WhiteElo "2078"]
[BlackElo "1678"]
[PlyCount "96"]
[EventDate "2023.04.11"]
[EventType "swiss"]
[EventRounds "9"]
[EventCountry "LTU"]
[SourceTitle "CBM 213 Extra"]
[Source "ChessBase"]
[SourceDate "2023.05.31"]
[SourceVersion "1"]
[SourceVersionDate "2023.05.31"]
[SourceQuality "1"]

1. d4 d5 2. c4 e6 3. Nc3 Nf6 4. Nf3 Be7 5. cxd5 exd5 6. Bf4 c6 7. e3 Bf5 8. Nh4 Bg6 9. Nxg6 hxg6 10. Bd3 Nbd7 11. Qc2 Nf8 12. h3 Bd6 13. 0-0-0 Qc7 14. Bxd6 Qxd6 15. e4 dxe4 16. Nxe4 Nxe4 17. Bxe4 0-0-0 18. Kb1 Kb8 19. Qc4 Qc7 20. d5 f5 21. Bf3 cxd5 22. Qb3 d4 23. Rd3 Qb6 24. Qa4 Qa6 25. Rb3 Qxa4 26. Rxb7+ Kc8 27. Rc1+ Qc6 28. Rxc6+ Kxb7 29. Rxg6+ Kc7 30. Rxg7+ Rd7 31. Rg5 Rf7 32. Kc2 Kd6 33. Bh5 Rf6 34. Bd1 Ke5 35. Rg7 Rh7 36. Rg8 Rc7+ 37. Kd2 Ne6 38. g3 Rf8 39. f4+ Kf6 40. Rxf8+ Nxf8 41. Kd3 Ne6 42. Bb3 Rd7 43. Bxe6 Kxe6 44. g4 fxg4 45. hxg4 Kd5 46. f5 Ke5 47. b4 Rg7 48. f6 Rxg4 0-1

[Event "LTU-ch sf"]
[Site "Vilnius"]
[Date "2023.04.11"]
[Round "1"]
[White "Praspaliauskas, Matas"]
[Black "Greicius, Pijus"]
[Result "0-1"]
[WhiteElo "1416"]
[BlackElo "2078"]
[PlyCount "70"]
[EventDate "2023.04.11"]
[EventType "swiss"]
[EventRounds "9"]
[EventCountry "LTU"]
[SourceTitle "CBM 213 Extra"]
[Source "ChessBase"]
[SourceDate "2023.05.31"]
[SourceVersion "1"]
[SourceVersionDate "2023.05.31"]
[SourceQuality "1"]

1. e4 e5 2. Nf3 Nc6 3. Nc3 Nf6 4. d4 exd4 5. Nxd4 Bb4 6. Nxc6 bxc6 7. Bd3 d5 8. exd5 0-0 9. 0-0 Bg4 10. f3 Bh5 11. Kh1 cxd5 12. Bg5 c6 13. a3 Bd6 14. Qd2 Rb8 15. b4 Bg6 16. Bf4 Nh5 17. Bxd6 Qxd6 18. Ne2 Bxd3 19. Qxd3 Qh6 20. f4 Rfe8 21. Rae1 Re4 22. g3 Rbe8 23. Kg2 Nf6 24. h3 Qh5 25. Rf2 Re3 26. Qd1 Qf5 27. Qd4 h5 28. c4 h4 29. g4 Nxg4 30. hxg4 Qxg4+ 31. Kf1 Qh3+ 32. Rg2 Qh1+ 33. Kf2 Rxe2+ 34. Rxe2 Rxe2+ 35. Kxe2 Qxg2+ 0-1

[Event "LTU-ch Rapid"]
[Site "Taujenai"]
[Date "2022.12.04"]
[Round "6"]
[White "Norkeliunas, Matas"]
[Black "Greicius, Pijus"]
[Result "0-1"]
[WhiteElo "1853"]
[BlackElo "2188"]
[PlyCount "50"]
[EventDate "2022.12.03"]
[EventType "swiss (rapid)"]
[EventRounds "10"]
[EventCountry "LTU"]
[SourceTitle "CBM 211 Extra"]
[Source "ChessBase"]
[SourceDate "2023.01.31"]
[SourceVersion "1"]
[SourceVersionDate "2023.01.31"]
[SourceQuality "1"]

1. e4 e5 2. Nf3 Nc6 3. d4 exd4 4. Bc4 Nf6 5. e5 Ne4 6. Qe2 Nc5 7. 0-0 Ne6 8. Nbd2 d6 9. Bb5 Bd7 10. exd6 Bxd6 11. Bxc6 Bxc6 12. Nb3 0-0 13. h3 Qf6 14. Nh2 Rfe8 15. Qg4 g6 16. Bd2 h5 17. Qd1 Rad8 18. Re1 Bxh2+ 19. Kxh2 Qxf2 20. Re2 Qf5 21. Qe1 Nf4 22. Rxe8+ Rxe8 23. Qf2 Re2 24. Qxf4 Rxg2+ 25. Kh1 Rxd2+ 0-1

[Event "Plunge op-A 41st"]
[Site "Plateliai"]
[Date "2022.07.23"]
[Round "8"]
[White "Greicius, Pijus"]
[Black "Indriunas, Matas"]
[Result "1/2-1/2"]
[WhiteElo "2099"]
[BlackElo "2167"]
[PlyCount "65"]
[EventDate "2022.07.18"]
[EventType "swiss"]
[EventRounds "9"]
[EventCountry "LTU"]
[SourceTitle "CBM 209 Extra"]
[Source "ChessBase"]
[SourceDate "2022.09.30"]
[SourceVersion "1"]
[SourceVersionDate "2022.09.30"]
[SourceQuality "1"]

1. d4 Nf6 2. c4 g6 3. Nc3 d5 4. cxd5 Nxd5 5. e4 Nxc3 6. bxc3 Bg7 7. Nf3 c5 8. h3 0-0 9. Be2 b5 10. Be3 Bb7 11. Qd3 b4 12. cxb4 cxb4 13. 0-0 a5 14. Rfe1 e6 15. Rac1 Nd7 16. Bg5 Qb6 17. Qe3 Rfc8 18. Bc4 Ba6 19. Bxa6 Qxa6 20. Bh6 Bh8 21. Qf4 a4 22. e5 Rxc1 23. Rxc1 b3 24. axb3 axb3 25. Ng5 f6 26. exf6 Bxf6 27. Rb1 Rb8 28. Qc7 Bxg5 29. Bxg5 Qd3 30. Rb2 Qd1+ 31. Kh2 Qxd4 32. Rxb3 Rxb3 33. Qd8+ 1/2-1/2

[Event "Panevezys op-A"]
[Site "Panevezys"]
[Date "2022.07.01"]
[Round "9"]
[White "Greicius, Pijus"]
[Black "De Rover, Yong Hoon"]
[Result "1/2-1/2"]
[WhiteElo "2099"]
[BlackElo "2359"]
[PlyCount "76"]
[EventDate "2022.06.25"]
[EventType "swiss"]
[EventRounds "9"]
[EventCountry "LTU"]
[SourceTitle "CBM 209 Extra"]
[Source "ChessBase"]
[SourceDate "2022.09.30"]
[SourceVersion "1"]
[SourceVersionDate "2022.09.30"]
[SourceQuality "1"]

1. d4 Nf6 2. c4 g6 3. Nc3 Bg7 4. e4 d6 5. Be2 0-0 6. Bg5 c5 7. d5 h6 8. Bf4 b5 9. cxb5 a6 10. a4 g5 11. Be3 Qa5 12. Bd2 Qb4 13. Qc2 Nbd7 14. Nf3 axb5 15. Bxb5 Ba6 16. 0-0 Bxb5 17. axb5 Ng4 18. b3 Bxc3 19. Bxc3 Qxb5 20. h4 Nge5 21. Bxe5 Nxe5 22. Nxe5 dxe5 23. hxg5 hxg5 24. Qc3 f6 25. Qh3 Qb6 26. Rfc1 Rfb8 27. Rxa8 Rxa8 28. Qc3 Ra5 29. Qc4 Kg7 30. Rc3 Rb5 31. Qa4 Qa5 32. Qxa5 Rxa5 33. Kf1 Kf7 34. Ke2 Ke8 35. Kf3 Kd7 36. Kg4 Ra2 37. Kf3 Kd6 38. g4 Rb2 1/2-1/2

[Event "Panevezys op-A"]
[Site "Panevezys"]
[Date "2022.06.27"]
[Round "4"]
[White "Greicius, Pijus"]
[Black "Martynkova, Olena"]
[Result "1/2-1/2"]
[WhiteElo "2099"]
[BlackElo "2213"]
[PlyCount "81"]
[EventDate "2022.06.25"]
[EventType "swiss"]
[EventRounds "9"]
[EventCountry "LTU"]
[SourceTitle "CBM 209 Extra"]
[Source "ChessBase"]
[SourceDate "2022.09.30"]
[SourceVersion "1"]
[SourceVersionDate "2022.09.30"]
[SourceQuality "1"]

1. d4 f5 2. Bf4 Nf6 3. e3 d6 4. Be2 g6 5. h4 h6 6. c4 Bg7 7. Nc3 Nc6 8. Nf3 a6 9. d5 e5 10. dxe6 Bxe6 11. Qc2 0-0 12. 0-0 Qe7 13. Rab1 Ng4 14. Nd5 Qf7 15. Rfd1 Nge5 16. Rbc1 Kh8 17. Qd2 Kh7 18. b4 a5 19. b5 Nxf3+ 20. Bxf3 Ne5 21. Be2 Bxd5 22. cxd5 b6 23. Rc2 Qe7 24. Rdc1 Ra7 25. Bd3 Kh8 26. Be2 Rf7 27. Bxe5 Bxe5 28. Rc4 Qf8 29. R1c2 Qg7 30. Qd3 h5 31. Qd1 Re7 32. Qc1 Rb7 33. g3 Qf7 34. Bf3 Ra7 35. Kg2 Rb7 36. Kg1 Ra7 37. Kg2 Rb7 38. a4 Ra7 39. Kg1 Rb7 40. Kg2 Ra7 41. Kg1 1/2-1/2

[Event "EU-ch 22nd"]
[Site "Terme Catez"]
[Date "2022.03.29"]
[Round "3"]
[White "Greicius, Pijus"]
[Black "Pasti, Aron"]
[Result "1-0"]
[WhiteElo "2100"]
[BlackElo "2398"]
[PlyCount "49"]
[EventDate "2022.03.27"]
[EventType "swiss"]
[EventRounds "11"]
[EventCountry "SLO"]
[SourceTitle "CBM 208"]
[Source "ChessBase"]
[SourceDate "2022.06.30"]
[SourceVersion "1"]
[SourceVersionDate "2022.06.30"]
[SourceQuality "1"]

1. d4 Nf6 2. c4 e6 3. Nc3 d5 4. cxd5 exd5 5. Bg5 Be7 6. e3 0-0 7. Bd3 Re8 8. Qc2 h6 9. Bh4 c5 10. dxc5 d4 11. Rd1 Nfd7 12. Bxe7 Qxe7 13. Nd5 Qg5 14. Be4 d3 15. Qa4 Qd8 16. Bxd3 Nxc5 17. Qa3 b6 18. Ne2 Bb7 19. Bc4 Nbd7 20. Nec3 Ne5 21. Be2 Qh4 22. 0-0 Red8 23. Rd4 Qg5 24. f4 Qh4 25. fxe5 1-0

[Event "EU-ch 22nd"]
[Site "Terme Catez"]
[Date "2022.03.28"]
[Round "2"]
[White "Anton Guijarro, David"]
[Black "Greicius, Pijus"]
[Result "1-0"]
[WhiteElo "2694"]
[BlackElo "2100"]
[PlyCount "77"]
[EventDate "2022.03.27"]
[EventType "swiss"]
[EventRounds "11"]
[EventCountry "SLO"]
[SourceTitle "CBM 208"]
[Source "ChessBase"]
[SourceDate "2022.06.30"]
[SourceVersion "1"]
[SourceVersionDate "2022.06.30"]
[SourceQuality "1"]

1. c4 e5 2. Nc3 d6 3. g3 Nc6 4. Bg2 g6 5. e4 Be6 6. d3 Qd7 7. Nge2 Bg7 8. Nd5 Nd4 9. Nxd4 exd4 10. Qb3 c6 11. Nf4 Nf6 12. Nxe6 fxe6 13. 0-0 0-0 14. Bh3 Rae8 15. Bd2 Qc7 16. f4 Nd7 17. Qc2 Qd8 18. b4 Bh6 19. c5 d5 20. Rae1 e5 21. exd5 cxd5 22. c6 bxc6 23. Qxc6 Nb8 24. Be6+ Kh8 25. Qxd5 exf4 26. Qxd8 Rxd8 27. gxf4 Nd7 28. b5 Nf6 29. Bb4 Rfe8 30. Bc4 Rxe1 31. Rxe1 Nd5 32. Bxd5 Rxd5 33. Re8+ Kg7 34. Re5 Rd8 35. Re4 Rd5 36. a4 Kf7 37. Kg2 Rf5 38. Kg3 g5 39. Kg4 1-0

[Event "LTU-chT"]
[Site "Lithuania"]
[Date "2022.03.20"]
[Round "7.3"]
[White "Eigminas, Kipras"]
[Black "Greicius, Pijus"]
[Result "0-1"]
[WhiteElo "2137"]
[BlackElo "2100"]
[PlyCount "148"]
[EventDate "2022.03.11"]
[EventType "team-swiss"]
[EventRounds "7"]
[EventCountry "LTU"]
[SourceTitle "CBM 207 Extra"]
[Source "ChessBase"]
[SourceDate "2022.05.31"]
[SourceVersion "1"]
[SourceVersionDate "2022.05.31"]
[SourceQuality "1"]
[WhiteTeam "Vilnius Melyna"]
[BlackTeam "Kaunas SBK"]
[WhiteTeamCountry "LTU"]
[BlackTeamCountry "LTU"]

1. e4 c5 2. Nf3 d6 3. Nc3 Nf6 4. g3 Nc6 5. Bg2 g6 6. d4 cxd4 7. Nxd4 Bd7 8. 0-0 Bg7 9. Nde2 0-0 10. h3 Rc8 11. Be3 Na5 12. Bd4 Nc6 13. Be3 Na5 14. Bd4 Nc6 15. Bxf6 Bxf6 16. Rb1 Bg7 17. Nd5 a6 18. c3 b5 19. Kh2 e6 20. Ne3 Qc7 21. Qd2 Rfd8 22. Rbd1 Be8 23. f4 Qa7 24. f5 Ne5 25. Nd4 Bh6 26. Qf2 Qe7 27. Kh1 Qg5 28. Rfe1 Bd7 29. Nf3 Nxf3 30. Bxf3 gxf5 31. exf5 Bf8 32. Rd4 exf5 33. h4 Qg6 34. Nd5 Re8 35. Nf4 Rxe1+ 36. Qxe1 Qh6 37. Qd1 Re8 38. Kg2 Rd8 39. Bb7 Kh8 40. Qd3 Bg7 41. Rd5 Be5 42. Nh3 Qg7 43. Qf3 Rg8 44. Rd3 f4 45. Nxf4 Qh6 46. Kf1 Bf5 47. Re3 Rg4 48. Ne2 Rg6 49. Rxe5 dxe5 50. Qd5 Re6 51. Ke1 Qe3 52. Bc8 Bd3 53. Qd8+ Kg7 54. Qg5+ Qxg5 55. hxg5 Rg6 56. Nc1 Be4 57. Kf2 Rxg5 58. Bxa6 Rf5+ 59. Ke2 Bf3+ 60. Ke3 Bc6 61. Nd3 Rf3+ 62. Ke2 Rxg3 63. Nxe5 Be8 64. Kf2 Rg5 65. Nf3 Rf5 66. Kg3 h5 67. a3 Rf6 68. Bc8 Rg6+ 69. Kf4 Rg2 70. b3 Rc2 71. Nd4 Rxc3 72. Bb7 Bd7 73. Bd5 Kf6 74. Ne2 Rd3 0-1